Mathematical logic /

Guardado en:
Autor Principal: Shoenfield, Joseph R. 1927-
Formato: Libro
Idioma:English
Publicado: Reading, Mass. : Addison-Wesley, c1967.
Series:Addison-Wesley series in logic
Etiquetas: Agregar Etiqueta
Sin Etiquetas, Sea el primero en etiquetar este registro!
LEADER 00873nam a22001815 4500
001 MAT.inmabb001978
008 840803s1967####maua##########001#0#eng#d
005 20130312123615.0
245 1 0 |a Mathematical logic /  |c Joseph R. Shoenfield. 
260 |a Reading, Mass. :  |b Addison-Wesley,  |c c1967. 
300 |a vii, 344 p. ;  |c 25 cm. 
440 0 |a Addison-Wesley series in logic 
505 8 |a Capítulos: 1. The nature of mathematical logic -- 2. First-order theories -- 3. Theorems in first-order theories -- 4. The characterization problem -- 5. The theory of models -- 6. Incompleteness and undecidability -- 7. Recursion theory -- 8. The natural numbers -- 9. Set theory -- Appendix: The word problem. 
510 4 |a MR,  |c 37 #1224 
100 1 |a Shoenfield, Joseph R.  |q (Joseph Robert),  |d 1927- 
084 |a 03Bxx  |2 msc2000 
010 |a  67021300  
859 |h 03  |i Sh559  |p A-3628  |b BIB. MATEMATICA